LEADER 02194nam0 22004813i 450 001 NAP0410813 005 20251003044250.0 010 $a0849385342 010 $a9780849385346 100 $a20080618d2008 ||||0itac50 ba 101 | $aeng 102 $aus 181 1$6z01$ai $bxxxe 182 1$6z01$an 200 1 $aBiomechanics$eprinciples and applications$fedited by Donald R. Peterson, Joseph D. Bronzino 210 $aBoca Raton [etc.]$cCRC$cTaylor & Francis$d[2008] 215 $a1 v. (paginazione varia)$cill.$d26 cm. 606 $aBiomeccanica$2FIR$3CFIC002703$9E 606 $aApparato circolatorio$xFisiologia$2FIR$3CFIC054501$9I 676 $a612$9Fisiologia umana$v14 676 $a612.01441$9Biofisica. Agenti meccanici$v20 696 $aApparato cardiocircolatorio$aApparato circolatorio sanguifero$aCircolatorio, apparato$aApparato cardiovascolare$aApparato circolatorio sanguigno$aSistema cardiovascolare$aSistema circolatorio$aApparato cardio-vascolare$aFisiologia umana$aFisiologia generale$aAspetti fisiologici 699 $aApparato circolatorio$yApparato cardiocircolatorio 699 $aApparato circolatorio$yApparato circolatorio sanguifero 699 $aApparato circolatorio$yCircolatorio, apparato 699 $aApparato circolatorio$yApparato cardiovascolare 699 $aApparato circolatorio$yApparato circolatorio sanguigno 699 $aApparato circolatorio$ySistema cardiovascolare 699 $aApparato circolatorio$ySistema circolatorio 699 $aApparato circolatorio$yApparato cardio-vascolare 699 $aFisiologia$yFisiologia umana 699 $aFisiologia$yFisiologia generale 699 $aFisiologia$zAspetti fisiologici 702 1$aBronzino$b, Joseph D.$3MILV136854 702 1$aPeterson$b, Donald R.$3UFIV121360 801 3$aIT$bIT-000000$c20080618 850 $aIT-BN0095 901 $bNAP 01$cSALA DING $n$ 912 $aNAP0410813 950 0$aBiblioteca Centralizzata di Ateneo$b1 v.$c1 v.$d 01SALA DING 612 BIO$e 0102 0000068975 VMA 1 v.$fY $h20080618$i20080618 977 $a 01 996 $aBiomechanics$91485996 997 $aUNISANNIO